00726nam a2200205Ia 4500008004100000020001800041082002300059100003800082245009100120260004600211260002000257260000900277300001000286650001500296650003000311650003200341942001000373999001700383952012000400260428s9999 xx 000 0 und d a9789561426290 a378.83 L579d 2020  aLeón Reyes, José Julio935827 0aDerecho y política de la educación superior chilena: evolución, crisis y reforma aEdiciones Universidad Católica de Chile bSantiago, Chile c2020 a369p. aChile9121 aEducación Superior9292 aPolítica Educativa911605 clibro c20499d20499 00102ddc40708REFaBCbBCd2026-04-06eCompral0o378.83 L579d 2020 c.1p27344r2026-04-29t1w2026-04-29ylibro